Every Cricket Celebration Bowl Champion - Statistics

General Stats
  • This quiz has been taken 4 times
  • The average score is 9 of 10
Answer Stats
Year Score Runner-Up Winner % Correct
2023 30-26 Howard Florida A&M
100%
2016 10-9 NC Central Grambling State
100%
2024 28-7 South Carolina State Jackson State
100%
2022 41-34 Jackson State NC Central
100%
2021 31-10 Jackson State South Carolina State
100%
2025 40-38(F/OT4) Praire View A&M South Carolina State
100%
2015 41-34 Alcorn State North Carolina A&T
75%
2017 21-14 Grambling State North Carolina A&T
75%
2019 64-44 Alcorn State North Carolina A&T
75%
2018 24-22 Alcorn State North Carolina A&T
50%
No matching quizzes found
Score Distribution
Percent of People with Each Score
Percentile by Number Answered
Your Score History
You have not taken this quiz